| 000 | 01023nam a22002415i 4500 | ||
|---|---|---|---|
| 001 | 157852 | ||
| 003 | ES-MaACL | ||
| 005 | 20250713063721.0 | ||
| 008 | 990305s1888 sp |||| | spa d | ||
| 040 |
_aCCPB | B _bspa _cCCPB | B |
||
| 080 | _a338.45(44):637.33 | ||
| 080 | _a630*9(44) | ||
| 100 | 1 |
_aLlauradó, Andrés, _d1840-1899 _9129002 |
|
| 245 | 1 | 4 |
_aLas queserías pirenaicas francesas y su importancia en la conservación de los montes / _cpor Andrés Llauradó. |
| 260 |
_aMadrid : _b[s.n.], _c1888 ( _fImprenta de Moreno y Rojas) |
||
| 300 |
_a8 p. ; _c25 cm. |
||
| 530 | _aDisponible también en sitio web. | ||
| 650 | 4 |
_aIndustria quesera- _zFrancia. _9149412 |
|
| 651 | 4 |
_aFrancia- _xPolítica forestal. _9149413 |
|
| 852 |
_aES-MaACL _jT-461-F-2 _z-- Enc. hol. _q-- Falto de la cub. original _z-- Enc. en un vol. facticio |
||
| 856 |
_uhttp://bibliotecadigitalhispanica.bne.es:80/webclient/DeliveryManager?pid=1855300&custom_att_2=simple_viewer _zIr a la página |
||
| 999 |
_c157852 _d157852 |
||